000 00678cam a22002292 4500
001 0000003744
005 20151217151932.0
008 070515s xx 000 0 eng d
020 _a0306447908 :
040 _aKABU
_cKABU
050 0 _aQC174.12
_b.S53 1994
100 1 _aShankar, R.
_@0000153859
245 1 0 _aPrinciples of quantum mechanics.
250 _a2nd ed.
260 _aNew York :
_bSpringer Science,
_c1994.
300 _axviii, 676 p.
650 0 _aQuantum theory.
_@0000153853
852 1 _9p6163 KES
852 1 _9p6479 KES
908 _a070515
950 _@1
999 _c6490
_d6490